| 000 | 003310000a22001210004500 | ||
|---|---|---|---|
| 090 |
_aAS _bSeriadas |
||
| 245 | 1 | 0 | _aNew species of duck from Central Colombia |
| 041 | 0 | _aInglés | |
| 700 | 1 |
_aBorrero H., José Ignacio _996971 |
|
| 100 | 1 |
_aWetmore, Alexander _918206 |
|
| 942 | _cARTICULO | ||
| 773 | 1 |
_tCaldasia _345 _h16 _q67-71 _d1946 _g4 |
|
| 999 |
_c14976 _d14976 |
||